[Event "EU-Cup 21st"]
[Site "Saint Vincent"]
[Date "2005.09.23"]
[Round "6.1"]
[White "Cobb, Charles"]
[Black "Ahlander, Bjorn"]
[Result "1/2-1/2"]
[WhiteElo "2405"]
[BlackElo "2401"]
[PlyCount "108"]
[EventDate "2005.09.18"]
[EventType "team-swiss"]
[EventRounds "7"]
[EventCountry "ITA"]
[SourceTitle "CBM 110"]
[Source "ChessBase"]
[SourceDate "2006.01.31"]
[SourceVersion "1"]
[SourceVersionDate "2006.01.31"]
[SourceQuality "1"]
[WhiteTeam "Cardiff"]
[BlackTeam "Malmo"]
[WhiteTeamCountry "WLS"]
[BlackTeamCountry "SWE"]

1. c4 e6 2. Nc3 d5 3. d4 Be7 4. Nf3 Nf6 5. Bf4 0-0 6. e3 b6 7. cxd5 Nxd5 8. Nxd5 Qxd5 9. a3 c5 10. dxc5 Qxc5 11. Rc1 Qa5+ 12. Qd2 Qxd2+ 13. Nxd2 Bf6 14. Bd6 Rd8 15. Bc7 Rf8 16. Bd6 Re8 17. Bb5 Bd7 18. Bxd7 Nxd7 19. Rc2 Rac8 20. Kd1 Be5 21. Bxe5 Nxe5 22. Rxc8 Rxc8 23. Ke2 Rc2 24. b3 g5 25. f4 gxf4 26. exf4 Nd7 27. Kd3 Rc6 28. b4 Nf6 29. g3 Nd5 30. Ne4 h6 31. b5 Rc7 32. Kd4 Rc2 33. f5 Nc7 34. a4 exf5 35. Nc3 Ne6+ 36. Kd3 Rg2 37. Ne2 h5 38. Ke3 h4 39. gxh4 Nc5 40. Rg1 Rxg1 41. Nxg1 Nxa4 42. Ne2 Nc5 43. Nd4 a6 44. bxa6 Nxa6 45. Nxf5 Nc7 46. Kd4 f6 47. h5 Kf7 48. Kc4 Kg8 49. Ne7+ Kg7 50. Nf5+ Kh7 51. Kb4 Kg8 52. Ne7+ Kg7 53. Nf5+ Kh7 54. Kc4 Kg8 1/2-1/2

[Event "EU-Cup 21st"]
[Site "Saint Vincent"]
[Date "2005.09.21"]
[Round "4.1"]
[White "Godena, Michele"]
[Black "Cobb, Charles"]
[Result "1/2-1/2"]
[WhiteElo "2522"]
[BlackElo "2405"]
[PlyCount "190"]
[EventDate "2005.09.18"]
[EventType "team-swiss"]
[EventRounds "7"]
[EventCountry "ITA"]
[SourceTitle "CBM 110"]
[Source "ChessBase"]
[SourceDate "2006.01.31"]
[SourceVersion "1"]
[SourceVersionDate "2006.01.31"]
[SourceQuality "1"]
[WhiteTeam "Penne"]
[BlackTeam "Cardiff"]
[WhiteTeamCountry "ITA"]
[BlackTeamCountry "WLS"]

1. e4 e6 2. d4 d5 3. Nd2 Nf6 4. e5 Nfd7 5. Bd3 c5 6. c3 Nc6 7. Ne2 cxd4 8. cxd4 f6 9. exf6 Nxf6 10. Nf3 Bd6 11. 0-0 Qc7 12. Bg5 0-0 13. Bh4 Nh5 14. Qc2 h6 15. Bh7+ Kh8 16. Bg6 Rxf3 17. Bxh5 Rf8 18. Bg3 e5 19. dxe5 Bxe5 20. Rad1 Be6 21. Nd4 Bg8 22. Nf3 Bxg3 23. hxg3 Bh7 24. Bg6 Bxg6 25. Qxg6 Rad8 26. Rfe1 Qf7 27. Qc2 Rfe8 28. Rxe8+ Rxe8 29. Qb3 Rd8 30. g4 Kg8 31. g5 d4 32. Qd3 h5 33. a3 g6 34. b4 a6 35. Re1 Re8 36. Rxe8+ Qxe8 37. a4 Kh7 38. Qc4 Qg8 39. Qc5 Qe8 40. b5 axb5 41. axb5 Qe7 42. Qd5 Nd8 43. Qxd4 Nf7 44. Qd5 Kg7 45. g3 Kh7 46. b6 Kg7 47. Kg2 Kh7 48. Qc4 Kg7 49. Qc3+ Kg8 50. Qc8+ Kg7 51. Qc3+ Kg8 52. Qc4 Kg7 53. Kf1 Kh7 54. Kg1 Kg7 55. Qc7 Qe4 56. Qc3+ Kg8 57. Qf6 Qb1+ 58. Kh2 Qe4 59. Nd2 Qd3 60. Qf4 Qd6 61. Qe3 Qe5 62. Ne4 Kg7 63. Kg2 Qd5 64. f3 Qa2+ 65. Qf2 Qxf2+ 66. Kxf2 Ne5 67. Nd6 Nd7 68. Nc4 Kf7 69. Ke3 Ke6 70. Ke4 Nc5+ 71. Kd4 Nb3+ 72. Kc3 Nc1 73. Kd2 Nb3+ 74. Ke3 Kd5 75. Nb2 Nc5 76. Nd3 Nd7 77. Nf4+ Ke5 78. Nxg6+ Kf5 79. Ne7+ Kxg5 80. Nd5 Kf5 81. Kd4 Ke6 82. f4 Kf5 83. Ne3+ Kf6 84. Nc4 Kf5 85. Kd5 Kg4 86. Ne5+ Kxg3 87. Nxd7 h4 88. f5 h3 89. f6 h2 90. f7 h1Q+ 91. Ke6 Qc6+ 92. Ke7 Qe4+ 93. Kd8 Qh4+ 94. Ke8 Qe4+ 95. Kd8 Qh4+ 1/2-1/2

[Event "EU-Cup 21st"]
[Site "Saint Vincent"]
[Date "2005.09.19"]
[Round "2.1"]
[White "Stefansson, Hannes"]
[Black "Cobb, Charles"]
[Result "1-0"]
[WhiteElo "2579"]
[BlackElo "2405"]
[PlyCount "49"]
[EventDate "2005.09.18"]
[EventType "team-swiss"]
[EventRounds "7"]
[EventCountry "ITA"]
[SourceTitle "CBM 110"]
[Source "ChessBase"]
[SourceDate "2006.01.31"]
[SourceVersion "1"]
[SourceVersionDate "2006.01.31"]
[SourceQuality "1"]
[WhiteTeam "Reykjavik Hellir"]
[BlackTeam "Cardiff"]
[WhiteTeamCountry "ISL"]
[BlackTeamCountry "WLS"]

1. d4 e6 2. Nf3 d5 3. c4 c6 4. Qc2 Nf6 5. g3 Bb4+ 6. Nbd2 0-0 7. Bg2 b6 8. 0-0 Bb7 9. e4 Bxd2 10. Nxd2 dxe4 11. Nxe4 Nxe4 12. Bxe4 h6 13. Bf4 Qxd4 14. Rad1 Qf6 15. Qe2 Kh8 16. Qh5 Na6 17. h4 Kg8 18. Be5 Qe7 19. Bd6 Qf6 20. b4 Rfe8 21. b5 Nb8 22. Rd3 e5 23. Bxe5 Qe6 24. Rd6 Qe7 25. Rxh6 1-0

[Event "South Wales op 2nd"]
[Site "Caerleon"]
[Date "2005.07.13"]
[Round "7"]
[White "Cobb, Charles"]
[Black "Ziatdinov, Raset"]
[Result "0-1"]
[WhiteElo "2405"]
[BlackElo "2450"]
[PlyCount "73"]
[EventDate "2005.07.09"]
[EventType "swiss"]
[EventRounds "9"]
[EventCountry "WLS"]
[SourceTitle "CBM 107 Extra"]
[Source "ChessBase"]
[SourceDate "2005.09.01"]
[SourceVersion "1"]
[SourceVersionDate "2005.09.01"]
[SourceQuality "1"]

1. d4 d5 2. c4 e6 3. Nc3 Nf6 4. Bg5 Be7 5. Nf3 0-0 6. e3 Nbd7 7. Qc2 c6 8. cxd5 exd5 9. Bd3 Re8 10. 0-0 Nf8 11. h3 Bd6 12. Rae1 Be6 13. Ne5 Be7 14. f4 N6d7 15. Bxe7 Rxe7 16. Nxc6 bxc6 17. f5 g6 18. fxe6 Nxe6 19. b4 Nb6 20. a4 Qd6 21. a5 Nd7 22. Na2 Rae8 23. Rc1 Ng5 24. h4 Nh3+ 25. Kh1 Rxe3 26. Qxc6 Qxc6 27. Rxc6 Rxd3 28. Rc7 Rd2 29. Rxd7 Rxa2 30. Rfxf7 Nf2+ 31. Kh2 Re3 32. Rf3 Rxf3 33. gxf3 Nd3+ 34. Kg3 Nxb4 35. Rxa7 Nc6 36. Rc7 Nxd4 37. Rc5 0-1